Major Oil Producing Countries #2 - Statistics

General Stats
  • This quiz has been taken 14 times
  • The average score is 6 of 15
Answer Stats
Barrels per day Answer % Correct
2,355,423,552 Venezuela
79%
1,016,370,639 India
57%
2,484,354,880 Mexico
57%
1,015,511,568 Oman
57%
1,083,928,369 United Kingdom
57%
945,637,219 Indonesia
50%
1,698,785,656 Algeria
43%
911,891,820 Columbia
43%
1,938,542,727 Nigeria
43%
1,987,192,978 Qatar
43%
2,003,747,525 Norway
36%
1,796,742,754 Angola
21%
1,698,280,454 Kazakhstan
21%
762,168,426 Malaysia
21%
843,546,251 Azerbaijan
14%
No matching quizzes found
Score Distribution
Percent of People with Each Score
Percentile by Number Answered
Your Score History
You have not taken this quiz